| 000 | 01108nam a2200325 a 4500 | ||
|---|---|---|---|
| 001 | 000021410 | ||
| 003 | DO-SdBNP | ||
| 005 | 20251107110523.0 | ||
| 007 | ta | ||
| 008 | 100907s2000 dr a r 000 0 spa d | ||
| 020 | _z9993480231 | ||
| 040 |
_aDO-SdBNP _bspa _cBNPHU _erda |
||
| 082 |
_a028.5 _bL296b _222 |
||
| 100 | 1 |
_aLantigua, José Rafael, _d1949- _91438 |
|
| 245 | 1 | 0 |
_aBuscando tiempo para leer : _b(los 10 derechos del posible lector) / _cJosé Rafael Lantigua. |
| 250 | _a3a ed. | ||
| 264 | 1 |
_aSanto Domingo : _bEdiciones Ferilibro, _c2000. |
|
| 300 |
_a42 páginas _bilustraciones _c19 cm. |
||
| 336 |
_2rdacontent _atexto _btxt |
||
| 337 |
_2rdamedia _asin mediación _bn |
||
| 338 |
_2rdacarrier _avolumen _bnc |
||
| 500 | _aIncluye datos biográfico del autor en las solapas de la cubierta. | ||
| 504 | _aIncluye bibliografía y notas al pie de páginas. | ||
| 590 | _aInventariado,2018/DG | ||
| 650 | 0 |
_aPromoción de la lectura _97321 |
|
| 650 | 0 |
_aLibros y lectura _91512 |
|
| 650 | 4 |
_aGuía para lectores _944457 |
|
| 910 | _aValidado. Control de calidad. EMS | ||
| 942 |
_2ddc _cLF2 |
||
| 999 |
_c20910 _d20910 |
||